[Event "Heusenstamm Sparkassen op U14 6th"]
[Site "Heusenstamm"]
[Date "2019.11.24"]
[Round "5"]
[White "Paschedag, Vivien"]
[Black "Gaertner, Anna"]
[Result "0-1"]
[WhiteElo "923"]
[BlackElo "779"]
[PlyCount "36"]
[EventDate "2019.11.21"]
[EventType "swiss"]
[EventRounds "7"]
[EventCountry "GER"]
[SourceTitle "CBM 194 Extra"]
[Source "ChessBase"]
[SourceDate "2020.03.31"]
[SourceVersion "1"]
[SourceVersionDate "2020.03.31"]
[SourceQuality "1"]

1. e4 e6 2. d4 d5 3. e5 Nc6 4. Nf3 g6 5. Bb5 Bd7 6. Nc3 Bg7 7. 0-0 Nge7 8. Bg5 a6 9. Ba4 b5 10. Bb3 0-0 11. Qd2 h6 12. Bxh6 Bxh6 13. Qxh6 Nf5 14. Qh3 Nfxd4 15. Rad1 Nxf3+ 16. Qxf3 d4 17. Ne4 Nxe5 18. c3 Nxf3+ 0-1

[Event "Heusenstamm Sparkassen op U14 6th"]
[Site "Heusenstamm"]
[Date "2019.11.23"]
[Round "3"]
[White "Yang, Sophie"]
[Black "Gaertner, Anna"]
[Result "1-0"]
[WhiteElo "849"]
[BlackElo "779"]
[PlyCount "113"]
[EventDate "2019.11.21"]
[EventType "swiss"]
[EventRounds "7"]
[EventCountry "GER"]
[SourceTitle "CBM 194 Extra"]
[Source "ChessBase"]
[SourceDate "2020.03.31"]
[SourceVersion "1"]
[SourceVersionDate "2020.03.31"]
[SourceQuality "1"]

1. e4 e6 2. d4 d5 3. exd5 exd5 4. Nc3 Bb4 5. Bd2 Nf6 6. Nf3 0-0 7. Be2 Bf5 8. 0-0 c5 9. Bf4 cxd4 10. Qxd4 Nc6 11. Qd1 d4 12. Nb5 Nd5 13. Bd2 Bxd2 14. Qxd2 a6 15. Nbxd4 Nxd4 16. Nxd4 Nb6 17. Rfd1 Qf6 18. Qc3 Rac8 19. Qb3 Bxc2 20. Nxc2 Rfe8 21. Bf3 a5 22. Bxb7 Rc7 23. Bf3 a4 24. Qd3 h6 25. b3 axb3 26. axb3 Nd7 27. Ra8 Rxa8 28. Bxa8 Ne5 29. Qd8+ Qxd8 30. Rxd8+ Kh7 31. Be4+ g6 32. Ne3 Rc1+ 33. Nf1 f5 34. Bf3 Nf7 35. Rd7 Kg7 36. Bd5 Rc5 37. Rxf7+ Kg8 38. Rxf5+ Kg7 39. b4 gxf5 40. bxc5 Kf8 41. Ne3 Ke8 42. Nxf5 h5 43. c6 Kd8 44. Ng7 h4 45. Nf5 Kc7 46. Nxh4 Kd6 47. Bf3 Kc7 48. g4 Kd6 49. g5 Ke7 50. g6 Kd6 51. g7 Kc5 52. g8Q Kb4 53. c7 Kc3 54. c8Q+ Kb2 55. Qgc4 Ka1 56. Qb4 Ka2 57. Qa8# 1-0